000 00739nam a22001337a 4500
040 _cRUA
082 _aAGR.BB DIM 2010 B060 Or.1
100 _aDIM, TRAVO.
245 _aEconomic analysis of two rice production systemms in sangke didtrict, battambang province, វិភាគសេដ្ធកិច្ចលើប្រព័ន្ធផលិតកម្មដំណាំស្រូវតាមបច្ចេកទេសពីរបៀបផ្សេងៗគ្នានៅ ស្រុកសង្កែ ខេត្តបាត់ដំបង.
260 _aPHNOM PHEN
_brua
_c2010
300 _aXIV,60p.
_bill.
_c29cm.
856 _uhttps://drive.google.com/file/d/1Ap8mmGUnNeqtu6NMmfIH8ICSlegLWf-U/view?usp=sharing
942 _cAGRBB
999 _c1417
_d1417